An introduction to differentiable manifolds and Riemannian geometry
Enregistré dans:
| Auteur principal: | |
|---|---|
| Format: | Livre |
| Langue: | anglais |
| Publié: |
New York, USA
Academic Press
1975
|
| Collection: | Pure and Applied Mathematics
|
| Sujets: | |
| Tags: |
Ajouter un tag
Pas de tags, Soyez le premier à ajouter un tag!
|
MARC
| LEADER | 00000nam a2200000 a 4500 | ||
|---|---|---|---|
| 001 | UCL7209 | ||
| 003 | CL-VaPUC | ||
| 005 | 20210408001211.0 | ||
| 008 | 040507e19750000US |||||||||||||||||eng|d | ||
| 999 | |c 309059 |d 309057 | ||
| 020 | |a 0121160505 | ||
| 040 | |c Pontificia Universidad Católica de Valparaíso | ||
| 082 | 0 | 4 | |a 516.36 BOO 1975 |2 21 |
| 100 | 0 | |a Boothby, William M |9 485036 | |
| 245 | 1 | 3 | |a An introduction to differentiable manifolds and Riemannian geometry |
| 260 | 0 | 3 | |a New York, USA |b Academic Press |c 1975 |
| 300 | |a 424 páginas | ||
| 490 | 0 | |a Pure and Applied Mathematics | |
| 583 | |a last modification |c 20040507 00:00:00 |k Rodrigo Vera | ||
| 650 | 7 | |a GEOMETRIA RIEMANNIAN |2 CL-VaPUC |9 485037 | |
| 650 | 0 | |a Geometría diferencial |9 315147 | |
| 942 | |c BK |2 ddc | ||
| 945 | |d 20040507 00:00:00 |a cmena | ||
| 952 | |0 0 |1 0 |4 0 |6 516_360000000000000_BOO_1975 |7 0 |8 A |9 376156 |a BIBCUR |b BIBCUR |d 2019-11-21 |i 2111314 |o 516.36 BOO 1975 |p 2111314 |r 2025-04-22 |w 2019-11-21 |y BK |k FIS | ||